• 首页
  • 本馆介绍
  • 公告通知
  • 最新文献
  • 馆藏检索
  • 电子资源
  • 读者导购
  • 参考咨询
  • 我的图书馆
  • 登录
  • 详细信息显示
  • 放入我的书架
  • 预约/预借图书
  • 作者相关作品
  • 分类相关作品
  • 丛书相关作品
  • 出版社相关作品

书目信息

  • 表格格式
  • 工作单格式
  • 卡片格式
题名:
人味孔子
    
 
作者: 李木生 著
分册:  
出版信息: 郑州   河南文艺出版社  2007
页数: 335页
开本: 24cm
丛书名:
单 册:
中图分类: B222.25 , B2
科图分类:
主题词: 哲学--中国
电子资源:
ISBN: 978-7-80623-802-8
000 00854nam0 2200265 450
001 1162436915
005 20110929173355.28
010    @a978-7-80623-802-8@dCNY29.80
100    @a20070327d2007 em y0chiy50 ea
101 0  @achi
102    @aCN@b410000
105    @aab z 000yb
106    @ar
200 1  @a人味孔子@Aren wei kong zi@f李木生著
210    @a郑州@c河南文艺出版社@d2007
215    @a335页@c地图,图,照片@d24cm
330    @a本书从人性的角度,以翔实的考证为基础,用才情丰沛的笔墨,更近距离地感受孔子,还孔子以血肉之躯,将孔子的精神与生平事迹演绎成最接近真相的读本。
600  0 @a孔丘@f(前551-前479)
600  0 @a孔丘@f(前551-前479)@x传记
606 0  @a哲学@x中国
690    @aB222.25@v4
690    @aB2@v4
701  0 @a李木生@Ali mu sheng@c(作家)@4著
801  0 @aCN@b110020@c20070806
905    @a10447@dB2@eJY171
    
    人味孔子/李木生著 .-郑州:河南文艺出版社,2007
    335页:地图,图,照片;24cm
    
    
    ISBN 978-7-80623-802-8:CNY29.80
    本书从人性的角度,以翔实的考证为基础,用才情丰沛的笔墨,更近距离地感受孔子,还孔子以血肉之躯,将孔子的精神与生平事迹演绎成最接近真相的读本。
●
相关链接 在E读中查询图书 在五车中查询图书 在当当中查询图书 在豆瓣中查询图书


正题名:人味孔子     索取号:B2/JY171         预约/预借

序号 登录号 条形码 馆藏地/架位号 状态 备注
1 7830897   278308975   学院路分馆/ [索取号:B2/JY171] 在馆    
2 7830898   278308984   学院路分馆/ [索取号:B2/JY171] 在馆    
唐山师范学院图书馆 欢迎您!
大连网信软件有限公司© 版权所有